00843nam a2200205Ia 4500003000400000005001700004008004100021020001800062040000900080082002100089100002400110245007000134260003800204300000900242650004700251942004800298952013700346952013700483999001700620OSt20200515095356.0190216s9999||||xx |||||||||||||| ||und|| a9781851683598 coclc a297.81092bSAN/A aSanyal, Usha 92243 0aAhmad Riza Khan Barelwi In The Path Of The Prophet /cUsha Sanyal bOneworld Oxford,c2009.aEngland: a146p 0aHistory & geographyvIslamic History92271 cBK2ddch297.81092iSAN/Ak297.81092mSAN/A 00102ddc40708ISLAMaMESbMEScISLd2019-02-20g695.00l0o297.81092 SAN/Ap38818r2019-02-20 00:00:00t2w2019-02-20yBKzGL47R1 00102ddc40708ISLAMaMESbMEScISLd2019-02-20g595.00l0o297.81092 SAN/Ap38189r2019-02-20 00:00:00t1w2019-02-20yBKzGL47R1 c23245d23245